Gems from John's gospel : (Record no. 9170)

MARC details
000 -LEADER
fixed length control field 00576nam a22001817a 4500
003 - CONTROL NUMBER IDENTIFIER
control field GBCCL
005 - DATE AND TIME OF LATEST TRANSACTION
control field 20241126110706.0
008 - FIXED-LENGTH DATA ELEMENTS--GENERAL INFORMATION
fixed length control field 220419b ||||| |||| 00| 0 eng d
040 ## - CATALOGING SOURCE
Transcribing agency GBC
082 ## - DEWEY DECIMAL CLASSIFICATION NUMBER
Classification number 226.506
Item number RAO
100 ## - MAIN ENTRY--PERSONAL NAME
Personal name Rao, O.M.
9 (RLIN) 944
245 ## - TITLE STATEMENT
Title Gems from John's gospel :
Remainder of title (29 Bible lessons from St. John) /
Statement of responsibility, etc. O.M. Rao.
260 ## - PUBLICATION, DISTRIBUTION, ETC.
Place of publication, distribution, etc. Gauhati :
Name of publisher, distributor, etc. Christian Literature Centre,
Date of publication, distribution, etc. [approximately 1999]
300 ## - PHYSICAL DESCRIPTION
Extent 131 pages ;
Dimensions 19 cm
650 ## - SUBJECT ADDED ENTRY--TOPICAL TERM
Topical term or geographic name entry element Bible.
Form subdivision John
General subdivision Criticism, interpretation, etc.
9 (RLIN) 10488
650 ## - SUBJECT ADDED ENTRY--TOPICAL TERM
Topical term or geographic name entry element Bible.
Form subdivision John.
9 (RLIN) 9967
942 ## - ADDED ENTRY ELEMENTS (KOHA)
Source of classification or shelving scheme Dewey Decimal Classification
Koha item type Books
Koha issues (borrowed), all copies 1
Holdings
Withdrawn status Lost status Source of classification or shelving scheme Damaged status Not for loan Home library Current Library Shelving location Date acquired Total checkouts Full call number Barcode Date last seen Date last checked out Copy number Price effective from Koha item type
    Dewey Decimal Classification     GRACE BIBLE COLLEGE GRACE BIBLE COLLEGE Biblical Studies 2022-04-19 1 226.506 RAO 005806 2025-05-01 2023-11-21 c.1 2022-04-19 Books
© Grace Bible College Library 2025